| 000 | 01207nam a22002777a 4500 | ||
|---|---|---|---|
| 005 | 20170124103223.0 | ||
| 010 | _a571298 | ||
| 020 | _c16.00 | ||
| 035 | _a571298 | ||
| 037 | _bCen Lib/Ret | ||
| 040 |
_aDPL _bHN |
||
| 082 |
_a821.08 _bदेवरा |
||
| 100 |
_aदेवराज _9500 |
||
| 245 |
_aरीतिकालीन काव्य-सिद्धान्त / _cदेवराज [और] सुर्नारायण दिवेदी |
||
| 246 |
_aRitikaleen kavya siddhant / _bby Devraj [and] Suryanaran Diwedi |
||
| 260 |
_aवाराणसी _bचोकम्भा विद्याभवन |
||
| 270 |
_a63/42 उत्तर बनिया _bवाराणसी |
||
| 300 |
_a438पृ. : _c20सेमी(सजिल्द) |
||
| 500 | _aअनुक्रमणिका शामिल | ||
| 650 |
_aहिंदी साहित्य _9117524 |
||
| 650 |
_aप्रसाद साहित्य _9117525 |
||
| 650 |
_aHindi literature _9117526 |
||
| 650 |
_aPrasad literature _99508 |
||
| 700 |
_aदिवेदी, सूर्यनारायण _944174 |
||
| 942 |
_2ddc _cEN _h८२१.08 _mदेवरा |
||
| 999 |
_c121968 _d121968 |
||